000 01278nam2a22002411 4500
001 rc\370104
005 20250612170117.0
035 _a(NLR Aleph) 008740323
090 _a9529079
_c9529079
100 _a20030307d1989 |||y0rusy50 ca
101 0 _arus
102 _aRU
105 _ay |||||||||
200 0 _aЧ. 1
_f[Подполк. Алексеев А.Н. и др.]
210 _d1989
_aБ. м.
215 _a84 с.
461 0 _1001rc\370103
_12001#$aМЕТОДИЧЕСКОЕ пособие по изучению первоисточников и актуальных проблем марксистско-ленинской теории$fМВД СССР, Высш. полит. уч-ще им. 60-летия ВЛКСМ. Каф. науч. коммунизма$vЧ. 1
_97871497
_cЛ.
_d1989
_fМВД СССР, Высш. полит. уч-ще им. 60-летия ВЛКСМ. Каф. науч. коммунизма
_nВПУ
_tМЕТОДИЧЕСКОЕ пособие по изучению первоисточников и актуальных проблем марксистско-ленинской теории
_vЧ. 1
702 1 _aАлексеев
_bА.Н.
_4220
801 0 _aRU
_bNLR
_gpsbo
801 1 _aRU
_bELAR
_2rusmarc
852 _aNLR
_j89-4/14769
942 _cBOOK
980 _aNB